Teaching reading in the elementary grades
Αποθηκεύτηκε σε:
| Κύριος συγγραφέας: | |
|---|---|
| Άλλοι συγγραφείς: | |
| Μορφή: | Βιβλίο |
| Γλώσσα: | English |
| Δημοσίευση: |
Boston :
Allyn & Bacon,
1991
|
| Θέματα: | |
| Ετικέτες: |
Προσθήκη ετικέτας
Δεν υπάρχουν, Καταχωρήστε ετικέτα πρώτοι!
|
MARC
| LEADER | 00000nam a2200000 i 4500 | ||
|---|---|---|---|
| 001 | 1/96586 | ||
| 008 | 991215s1991 eng d | ||
| 020 | |a 0-205-12846-7 |c 21.95 | ||
| 035 | |l 10055818 | ||
| 040 | |a GR-MY-UA |b gre |e aacr | ||
| 041 | 0 | |a eng | |
| 082 | 0 | |a 372.4 | |
| 100 | 1 | |a Klein, Marvin L. | |
| 245 | 1 | 0 | |a Teaching reading in the elementary grades / |c Marvin L Klein, Susan Peterson, Linda Simington |
| 260 | |a Boston : |b Allyn & Bacon, |c 1991 | ||
| 300 | |a xviii, 504 p.; |b ill.; |c 24 cm. | ||
| 650 | 0 | 0 | |a Reading (Elementary) |
| 650 | 0 | 0 | |a Content area reading. |
| 650 | 0 | 0 | |a Language arts (Elementary) |
| 650 | 0 | 0 | |a Interdisciplinary approach in education. |
| 700 | 1 | |a Peterson, Susan. | |
| 852 | |a INST |b RHODES |e 19991215 |h 372.4 KLE |p 005400012724 |q 005400012724 |t BK |y 0 | ||
| 901 | |a BIBL4-2000-1 | ||
| 909 | |a Ρ |b 070515 | ||
| 922 | |a 4ΕΛΗ |b 199910 |c ΚΠΣ/154 |d GLORY BOOKS | ||
| 950 | |a 154-1999-07-28 | ||
| 970 | |a ΚΟΥΛΑΚΙΟΤΗ |b ΛΙΤΣΑ |z 2000/01/18 | ||